Guess the NBA Player by Picture #2 - Statistics

General Stats
  • This quiz has been taken 4,614 times
  • The average score is 11 of 15
Answer Stats
Picture Answer % Correct
Joel Embiid
97%
Shaquille Oneal
97%
Kawhi Leonard
94%
Chris Paul
92%
Dennis Rodman
92%
Reggie Miller
84%
John Stockton
83%
Jordan Poole
71%
Robin Lopez
68%
Tristan Thompson
67%
Richard Jefferson
66%
Jordan Clarkson
57%
Bob Pettit
55%
Evan Fournier
53%
Theo Maledon
7%
No matching quizzes found
Score Distribution
Percent of People with Each Score
Percentile by Number Answered
Your Score History
You have not taken this quiz